<?xml version="1.0" encoding="UTF-8"?>
<record
    xmlns:xsi="http://www.w3.org/2001/XMLSchema-instance"
    xsi:schemaLocation="http://www.loc.gov/MARC21/slim http://www.loc.gov/standards/marcxml/schema/MARC21slim.xsd"
    xmlns="http://www.loc.gov/MARC21/slim">

  <leader>04538nam a2200457Ia 4500</leader>
  <controlfield tag="001">dia_3687</controlfield>
  <controlfield tag="003">CHAP</controlfield>
  <controlfield tag="005">20250217100603.0</controlfield>
  <controlfield tag="007">ta</controlfield>
  <controlfield tag="008">220117s2006    mx ado frm    001 0 spa d</controlfield>
  <datafield tag="010" ind1=" " ind2=" ">
    <subfield code="a">174240</subfield>
  </datafield>
  <datafield tag="040" ind1=" " ind2=" ">
    <subfield code="c">CHAP</subfield>
    <subfield code="a">mxchpua</subfield>
  </datafield>
  <datafield tag="041" ind1="0" ind2=" ">
    <subfield code="a">spa</subfield>
    <subfield code="b">eng</subfield>
  </datafield>
  <datafield tag="090" ind1=" " ind2=" ">
    <subfield code="a">Tesis</subfield>
    <subfield code="b">C75</subfield>
    <subfield code="c">2006</subfield>
  </datafield>
  <datafield tag="100" ind1="1" ind2=" ">
    <subfield code="a">Crisanto Mart&#xED;nez, Ver&#xF3;nica</subfield>
  </datafield>
  <datafield tag="240" ind1="1" ind2="0">
    <subfield code="a">Analysis of damages by compression and impact in mango fruits (Mangifera indica L.).</subfield>
    <subfield code="l">Espa&#xF1;ol</subfield>
  </datafield>
  <datafield tag="245" ind1="1" ind2="0">
    <subfield code="a">An&#xE1;lisis de da&#xF1;os por compresi&#xF3;n e impacto en frutos de mango (Mangifera indica L.) /</subfield>
    <subfield code="c"> Ver&#xF3;nica Crisanto Mart&#xED;nez</subfield>
  </datafield>
  <datafield tag="264" ind1=" " ind2=" ">
    <subfield code="a">Chapingo, M&#xE9;xico :</subfield>
    <subfield code="b">El autor,</subfield>
    <subfield code="c">2006</subfield>
  </datafield>
  <datafield tag="300" ind1=" " ind2=" ">
    <subfield code="a">v, 65 hojas :</subfield>
    <subfield code="b">ilustraciones, tablas, gr&#xE1;ficas, fotograf&#xED;as</subfield>
  </datafield>
  <datafield tag="336" ind1=" " ind2=" ">
    <subfield code="2">rdacontent</subfield>
    <subfield code="a">texto</subfield>
    <subfield code="b">txt</subfield>
  </datafield>
  <datafield tag="337" ind1=" " ind2=" ">
    <subfield code="2">rdamedia</subfield>
    <subfield code="a">no mediado</subfield>
    <subfield code="b">n</subfield>
  </datafield>
  <datafield tag="338" ind1=" " ind2=" ">
    <subfield code="2">rdacarrier</subfield>
    <subfield code="a">volumen</subfield>
    <subfield code="b">nc</subfield>
  </datafield>
  <datafield tag="502" ind1=" " ind2=" ">
    <subfield code="a">Tesis</subfield>
    <subfield code="b">(Ingeniero Agroindustrial) --</subfield>
    <subfield code="c">UACh. Departamento de Ingenier&#xED;a Agroindustrial,</subfield>
    <subfield code="d">2006</subfield>
  </datafield>
  <datafield tag="504" ind1=" " ind2=" ">
    <subfield code="a">Bibliograf&#xED;a: hojas 50-53</subfield>
  </datafield>
  <datafield tag="520" ind1="3" ind2=" ">
    <subfield code="a">La producci&#xF3;n de mango en M&#xE9;xico es una actividad econ&#xF3;micamente importante, sin embargo, durante el manejo poscosecha la calidad del fruto sufre una serie de cambios negativos a causa de los da&#xF1;os mec&#xE1;nicos que pueden llegar a una p&#xE9;rdida total del fruto. Por lo que este trabajo se enfoco al estudio de los da&#xF1;os f&#xED;sico - mec&#xE1;nicos del fruto de mango someti&#xE9;ndolos a da&#xF1;os por compresi&#xF3;n e impacto y evaluando la respuesta fisicoqu&#xED;mica y fisiol&#xF3;gica del fruto por efecto de los da&#xF1;os durante el proceso de maduraci&#xF3;n. La compresi&#xF3;n mec&#xE1;nica de los frutos se realizo mediante una maquina de ensayos mec&#xE1;nicos INSTRON modelo 4469 a tres niveles de compresi&#xF3;n: hasta l&#xED;mite el&#xE1;stico, punto de biocedencia y punto de ruptura; para las pruebas de impacto se trabajo con dos niveles a 60 y 100 cm de altura en una superficie de madera. Los resultados obtenidos indican que el fruto de mango variedad Kent es un fruto con propiedades f&#xED;sicas muy resistentes sobre todo a las cargas de compresi&#xF3;n. Por otro lado los mangos resisten los impactos sobre una superficie de madera a una altura de 60 cm sin mostrar da&#xF1;os mec&#xE1;nicos, mientras que a 100 cm presentan abrasi&#xF3;n y agrietamiento. Los resultados tambi&#xE9;n indican que los frutos de mango pueden soportar una carga de compresi&#xF3;n est&#xE1;tica hasta de 1.954 kN sin que estos presenten cambios que demeriten su calidad durante la maduraci&#xF3;n.</subfield>
  </datafield>
  <datafield tag="520" ind1="3" ind2=" ">
    <subfield code="a">The mango production in Mexico is an economically important activity, nevertheless, during the handling poscosecha the quality of the fruit undergoes a series of negative changes because of the mechanical damages that can arrive at a total losses of the fruit. Reason why this work I focus to the study of the damages physical - mechanics of the mango fruit putting under them damages by compression and impact and evaluating the fisicoqu&#xED;mica and physiological answer of the fruit by effect of the damages during the maturation process. The mechanical compression of the fruits I am made by means of a machina of mechanical tests INSTRON model 4469 a three levels of compression: until elastic limit, point of biocedencia and breakthrough point; for the impact tests work with two levels to 60 and 100 cm of height in a wood surface. The obtained results indicate that the mangoes fruit Kent variety is a fruit with very resistant physical properties mainly to the compression loads. On the other hand the mangoes resist the impacts on a surface of wood to a height of 60 cm without showing mechanical damages, whereas to 100 cm present abrasion and cracking. The obtained results indicate that the mango fruits can support a load of static compression until of 1,954 KN without these present changes that discredit their quality during the maturation.</subfield>
  </datafield>
  <datafield tag="650" ind1="1" ind2="3">
    <subfield code="a">Mangoes</subfield>
    <subfield code="x">Compressibility  </subfield>
    <subfield code="2">atg</subfield>
  </datafield>
  <datafield tag="650" ind1="1" ind2="3">
    <subfield code="a">Mangoes</subfield>
    <subfield code="x">Fruit maturity</subfield>
    <subfield code="x">Analysis</subfield>
    <subfield code="2">atg</subfield>
  </datafield>
  <datafield tag="650" ind1="1" ind2="3">
    <subfield code="a">Mangoes</subfield>
    <subfield code="x">Postharvest injuries  </subfield>
    <subfield code="2">atg</subfield>
  </datafield>
  <datafield tag="650" ind1="1" ind2="3">
    <subfield code="a">Mangos</subfield>
    <subfield code="x">Compresibilidad  </subfield>
    <subfield code="2">atg</subfield>
  </datafield>
  <datafield tag="650" ind1="1" ind2="3">
    <subfield code="a">Mangos</subfield>
    <subfield code="x">Lesiones postcosecha  </subfield>
    <subfield code="2">atg</subfield>
  </datafield>
  <datafield tag="650" ind1="1" ind2="3">
    <subfield code="a">Mangos</subfield>
    <subfield code="x">Maduraci&#xF3;n de las frutas</subfield>
    <subfield code="x">An&#xE1;lisis  </subfield>
    <subfield code="2">atg</subfield>
  </datafield>
  <datafield tag="700" ind1="1" ind2=" ">
    <subfield code="a">P&#xE9;rez L&#xF3;pez, Artemio</subfield>
    <subfield code="e">director</subfield>
  </datafield>
  <datafield tag="700" ind1="1" ind2=" ">
    <subfield code="a">Valle Guadarrama, Salvador</subfield>
    <subfield code="e">asesor</subfield>
  </datafield>
  <datafield tag="700" ind1="1" ind2=" ">
    <subfield code="a">Villase&#xF1;or Perea, Carlos Alberto</subfield>
    <subfield code="e">asesor</subfield>
  </datafield>
  <datafield tag="856" ind1="4" ind2="1">
    <subfield code="u">http://10.13.5.2/tesis/103783.pdf</subfield>
    <subfield code="y">DESCARGAR PDF</subfield>
  </datafield>
  <datafield tag="901" ind1=" " ind2=" ">
    <subfield code="a">TESIS C75 2006</subfield>
  </datafield>
  <datafield tag="902" ind1=" " ind2=" ">
    <subfield code="a">M</subfield>
  </datafield>
  <datafield tag="905" ind1=" " ind2=" ">
    <subfield code="a">5232272006                          mx dnm 8223123322spa16</subfield>
  </datafield>
  <datafield tag="942" ind1=" " ind2=" ">
    <subfield code="c">TESIS</subfield>
    <subfield code="2">Clasificaci&#xF3;n Universidad Aut&#xF3;noma Chapingo</subfield>
  </datafield>
  <datafield tag="999" ind1=" " ind2=" ">
    <subfield code="c">174240</subfield>
    <subfield code="d">174240</subfield>
  </datafield>
  <datafield tag="952" ind1=" " ind2=" ">
    <subfield code="0">0</subfield>
    <subfield code="1">0</subfield>
    <subfield code="2">local</subfield>
    <subfield code="4">0</subfield>
    <subfield code="5">1</subfield>
    <subfield code="7">0</subfield>
    <subfield code="8">TESIS</subfield>
    <subfield code="a">IA_</subfield>
    <subfield code="b">IA_</subfield>
    <subfield code="d">2022-01-18</subfield>
    <subfield code="e">El autor</subfield>
    <subfield code="l">0</subfield>
    <subfield code="o">Tesis C75 2006</subfield>
    <subfield code="p">1101011228</subfield>
    <subfield code="r">2026-02-02 00:00:00</subfield>
    <subfield code="t">Ej.1</subfield>
    <subfield code="w">2022-01-18</subfield>
    <subfield code="y">TESIS</subfield>
  </datafield>
  <datafield tag="952" ind1=" " ind2=" ">
    <subfield code="0">0</subfield>
    <subfield code="1">0</subfield>
    <subfield code="2">local</subfield>
    <subfield code="4">0</subfield>
    <subfield code="5">5</subfield>
    <subfield code="7">0</subfield>
    <subfield code="8">TESIS</subfield>
    <subfield code="a">IA_</subfield>
    <subfield code="b">IA_</subfield>
    <subfield code="d">2022-01-18</subfield>
    <subfield code="e">El autor</subfield>
    <subfield code="l">0</subfield>
    <subfield code="o">Tesis C75 2006</subfield>
    <subfield code="p">1101015269</subfield>
    <subfield code="r">2026-02-02 00:00:00</subfield>
    <subfield code="t">Ej.2</subfield>
    <subfield code="w">2025-02-17</subfield>
    <subfield code="y">TESIS</subfield>
  </datafield>
  <datafield tag="952" ind1=" " ind2=" ">
    <subfield code="0">0</subfield>
    <subfield code="1">0</subfield>
    <subfield code="2">local</subfield>
    <subfield code="4">0</subfield>
    <subfield code="7">0</subfield>
    <subfield code="8">TesDigL</subfield>
    <subfield code="a">IA_</subfield>
    <subfield code="b">IA_</subfield>
    <subfield code="c">E_L</subfield>
    <subfield code="d">2025-02-17</subfield>
    <subfield code="e">El autor</subfield>
    <subfield code="l">0</subfield>
    <subfield code="p">1201011228</subfield>
    <subfield code="r">2025-02-17 09:43:40</subfield>
    <subfield code="w">2025-02-17</subfield>
    <subfield code="y">TD</subfield>
  </datafield>
</record>
